| 000 | 00785nam1a2200253 4500 | ||
|---|---|---|---|
| 001 | RU\NLR\BIBL_A\012486675 | ||
| 005 | 20240921204231.0 | ||
| 035 | _a(RuMoRGB)010456570 | ||
| 035 | _a(NLR Aleph) 012486675 | ||
| 090 |
_a12159902 _c12159902 |
||
| 100 | _a20210326g20199999m y0rusy50 ba | ||
| 101 | 0 | _afin | |
| 102 |
_aRU _aCA _aUS |
||
| 105 | _a||||z ||||| | ||
| 200 | 1 |
_aPitkä matka suomeen _fAli Sadik-Ogli |
|
| 210 |
_a[St. Petersburg etc.] _cNina productions _d2019 |
||
| 215 | _d24 | ||
| 541 | 1 | _aДолгое путешествие в Финляндию | |
| 686 | 1 | _aШ6(4Фн)62-440.4{Лх1498-45} | |
| 700 | 1 |
_7ba _8fin _aSadik-Ogli _bA. _gAli _9229533 _3RU\NLR\AUTH\770229589 |
|
| 852 |
_aNLR _jИк 2021-7/175 |
||
| 942 | _cBOOK | ||